Loading...
| Ancient History and Archaeology | 1 | 10.00 | 0% | 200% | 0% |
| Beliefs | 6 | 13.33 | 200% | 67% | 100% |
| British and Commonwealth History | 1 | 10.00 | 0% | 200% | 0% |
| Current Events | 1 | 0.00 | 0% | 0% | 0% |
| Fine Arts - Auditory | 2 | 5.00 | 0% | 0% | 100% |
| Fine Arts - Visual | 2 | 10.00 | 0% | 100% | 100% |
| Geography | 2 | 5.00 | 0% | 0% | 100% |
| History - American | 3 | 6.67 | 133% | 67% | 0% |
| History - European | 2 | 5.00 | 0% | 100% | 0% |
| History - World | 1 | 20.00 | 0% | 200% | 200% |
| Literature - American | 1 | 20.00 | 400% | 200% | 0% |
| Literature - British | 5 | 8.00 | 80% | 120% | 0% |
| Literature - European | 3 | 10.00 | 133% | 67% | 67% |
| Other Arts: Auditory | 1 | 20.00 | 400% | 200% | 0% |
| Other Arts: Visual | 2 | 5.00 | 0% | 100% | 0% |
| Other Science: Astronomy | 1 | 10.00 | 0% | 200% | 0% |
| Other Science: Computer Science | 1 | 0.00 | 0% | 0% | 0% |
| Other Science: Earth Science | 1 | 0.00 | 0% | 0% | 0% |
| Philosophy | 4 | 10.00 | 200% | 50% | 50% |
| Science - Biology | 2 | 15.00 | 0% | 200% | 100% |
| Science - Chemistry | 1 | 10.00 | 0% | 200% | 0% |
| Science - Physics | 2 | 10.00 | 0% | 100% | 100% |
| Social Science | 2 | 5.00 | 0% | 0% | 100% |
| World and Other Literature | 3 | 6.67 | 133% | 0% | 67% |